[Event "IND-ch U13"]
[Site "Gujarath"]
[Date "2016.07.22"]
[Round "1"]
[White "Karthik, Kumar Pradeep"]
[Black "Shah, Manjal"]
[Result "1-0"]
[WhiteElo "2022"]
[BlackElo "1316"]
[PlyCount "71"]
[EventDate "2016.07.22"]
[EventType "swiss"]
[EventRounds "11"]
[EventCountry "IND"]
[SourceTitle "EXT 2017"]
[Source "ChessBase"]
[SourceDate "2016.10.25"]
[SourceVersion "1"]
[SourceVersionDate "2016.10.25"]
[SourceQuality "1"]

1. e4 e5 2. Nf3 Nc6 3. d3 h6 4. Be2 Nf6 5. c3 Be7 6. Nbd2 0-0 7. 0-0 d6 8. a3 Kh8 9. b4 a6 10. Bb2 Nh7 11. Nc4 f5 12. Ne3 f4 13. Nd5 Be6 14. c4 Na7 15. d4 exd4 16. Nxd4 Bxd5 17. cxd5 Qd7 18. Bg4 Qe8 19. Ne6 Rf7 20. Nxc7 Qd8 21. Nxa8 Qxa8 22. e5 Nb5 23. a4 Nc7 24. Rc1 Qb8 25. Qc2 Nxd5 26. Be6 Nxb4 27. Qb3 Rf8 28. Qxb4 Ng5 29. Bd5 b6 30. f3 a5 31. Qd4 dxe5 32. Qxe5 Qxe5 33. Bxe5 Bc5+ 34. Kh1 Rf5 35. Rfe1 Be3 36. Rc8+ 1-0